2001 Professional's guide to process improvement: maximizing profit, efficiency, and growth

Αποθηκεύτηκε σε:
Λεπτομέρειες βιβλιογραφικής εγγραφής
Κύριος συγγραφέας: Lientz, Bennet P.
Άλλοι συγγραφείς: Rea, Kathryn P.
Μορφή: Βιβλίο
Γλώσσα:Greek
English
Δημοσίευση: San Diego : Harcourt Professional Publishing, c2000.
Θέματα:
Ετικέτες: Προσθήκη ετικέτας
Δεν υπάρχουν, Καταχωρήστε ετικέτα πρώτοι!

MARC

LEADER 00000cam a2200000 a 4500
001 1/123963
008 211124t2000####gr | | ||| |||| ||gre||
020 |a 0156072394   |q (χαρτόδετο)  
040 |a GR-MyUa  |b gre  |c GR-MyUa  |e AACR2 
041 0 |a eng 
082 7 |a 658.404   |2 (23)  
100 1 |a Lientz, Bennet P. 
245 1 4 |a 2001 Professional's guide to process improvement:   |b maximizing profit, efficiency, and growth /   |c Bennet P. Lientz & Kathryn P. Rea.  
246 1 |i Άλλες παραλλαγές του τίτλου:   |a Professional's guide to process improvement:   |b maximizing profit, efficiency, and growth  
260 |a San Diego :   |b Harcourt Professional Publishing,   |c c2000.  
300 |a xix, 833 σ. :   |b διαγρ., πίν. ;   |c 22 εκ. +   |e 1 οπτική δισκέτα λέιζερ Η/Υ (4 3/4 ίν.).  
504 |a Ευρετήριο: σ. 827-833.  
650 0 |a Organizational effectiveness. 
700 1 |a Rea, Kathryn P. 
852 |a INST  |b CHIOS  |e 20211124  |h 658.404 LIE  |p 005200039571  |q 005200039571  |t BK  |y 0 
852 |a INST  |b CHIOS  |e 20211126  |h 658.404 LIE  |p 005200039570  |q 005200039570  |t BK  |y 0 
970 |a Σπέντζα  |b Ελένη  |z 24-11-2021